Bob Dylan Songs - Statistics

General Stats
  • This quiz has been taken 1,632 times
  • The average score is 81 of 405
Answer Stats
Answer % Correct
Blowin' in the Wind
83%
The Times They Are a-Changin'
83%
Like a Rolling Stone
81%
Hurricane
75%
Tangled Up in Blue
69%
Mr. Tambourine Man
64%
Girl from the North Country
62%
Highway 61 Revisited
62%
Knockin' on Heaven's Door
62%
Subterranean Homesick Blues
62%
Desolation Row
61%
All Along the Watchtower
60%
Lay Lady Lay
60%
Masters of War
58%
I Want You
55%
Visions of Johanna
55%
Just Like a Woman
54%
Ballad of a Thin Man
52%
Maggie's Farm
52%
Don't Think Twice, It's All Right
51%
Idiot Wind
51%
It's All Over Now, Baby Blue
51%
Shelter from the Storm
51%
A Hard Rain's a-Gonna Fall
49%
It Ain't Me Babe
49%
It's Alright, Ma (I'm Only Bleeding)
49%
Sara
49%
Rainy Day Women #12 & 35
48%
Isis
46%
Sad Eyed Lady of the Lowlands
46%
Simple Twist of Fate
46%
Slow Train
46%
Bob Dylan's Dream
45%
John Wesley Harding
45%
New Morning
45%
Buckets of Rain
44%
One More Cup of Coffee (Valley Below)
44%
Song to Woody
44%
Tombstone Blues
44%
Forever Young
43%
House of the Risin' Sun
41%
Mozambique
41%
Boots of Spanish Leather
40%
Queen Jane Approximately
40%
Saved
40%
Bob Dylan's 115th Dream
39%
Joey
39%
Lily, Rosemary and the Jack of Hearts
39%
My Back Pages
39%
Shot of Love
39%
Stuck Inside of Mobile with the Memphis Blues Again
39%
Leopard-Skin Pill-Box Hat
38%
Jokerman
37%
From a Buick 6
36%
Oxford Town
36%
If You See Her, Say Hello
35%
Just Like Tom Thumb's Blues
35%
You're a Big Girl Now
35%
If Not for You
34%
It Takes a Lot to Laugh, It Takes a Train to Cry
34%
Corrina, Corrina
33%
Love Minus Zero/No Limit
33%
She Belongs to Me
33%
Absolutely Sweet Marie
32%
Gates of Eden
32%
Gotta Serve Somebody
32%
Meet Me in the Morning
32%
Romance in Durango
32%
The Lonesome Death of Hattie Carroll
32%
The Man in Me
32%
Bob Dylan's Blues
31%
Changing of the Guards
31%
Chimes of Freedom
31%
When the Ship Comes In
31%
With God on Our Side
31%
Oh, Sister
30%
One of Us Must Know (Sooner or Later)
30%
You're Gonna Make Me Lonesome When You Go
30%
I Shall Be Free
29%
All I Really Want to Do
28%
Ballad in Plain D
28%
Make You Feel My Love
28%
To Ramona
28%
One Too Many Mornings
27%
Outlaw Blues
27%
Pledging My Time
27%
World Gone Wrong
27%
Ballad of Hollis Brown
26%
Every Grain of Sand
26%
Highway 51
26%
I'll Be Your Baby Tonight
26%
Main Title Theme (Billy)
26%
Mississippi
26%
Obviously 5 Believers
26%
Talkin' New York
26%
Tempest
26%
Temporary Like Achilles
26%
Tonight I'll Be Staying Here With You
26%
4th Time Around
25%
Black Diamond Bay
25%
I Dreamed I Saw St. Augustine
25%
Only a Pawn in Their Game
25%
Nashville Skyline Rag
24%
Not Dark Yet
24%
I and I
23%
In My Time of Dyin'
23%
Most Likely You Go Your Way (And I'll Go Mine)
23%
See That My Grave Is Kept Clean
23%
Señor (Tales of Yankee Power)
23%
Talking World War III Blues
23%
The Mighty Quinn (Quinn the Eskimo)
23%
Country Pie
22%
I Threw It All Away
22%
Love Sick
22%
Man of Constant Sorrow
22%
North Country Blues
22%
On the Road Again
22%
Spanish Harlem Incident
22%
Under the Red Sky
22%
Baby Let Me Follow You Down
21%
Down the Highway
21%
Fixin' to Die
21%
I Don't Believe You (She Acts Like We Never Have Met)
21%
Motorpsycho Nitemare
21%
Neighborhood Bully
21%
Restless Farewell
21%
Going, Going, Gone
20%
Man Gave Names to All the Animals
20%
Man in the Long Black Coat
20%
New Pony
20%
Peggy Day
20%
Political World
20%
Pretty Peggy-O
20%
Sweetheart Like You
20%
The Boxer
20%
As I Went Out One Morning
19%
Black Crow Blues
19%
Dear Landlord
19%
Honey, Just Allow Me One More Chance
19%
Is Your Love in Vain?
19%
The Ballad of Frankie Lee and Judas Priest
19%
Wedding Song
19%
You're No Good
19%
Big Yellow Taxi
18%
Billy 4
18%
Brownsville Girl
18%
Dirge
18%
Don't Fall Apart on Me Tonight
18%
Everything Is Broken
18%
Gospel Plow
18%
Highlands
18%
I Pity the Poor Immigrant
18%
Precious Angel
18%
Ring Them Bells
18%
Silvio
18%
Standing in the Doorway
18%
Thunder on the Mountain
18%
Tight Connection to My Heart (Has Anyone Seen My Love?)
18%
Alberta #1
17%
Alberta #2
17%
All the Tired Horses
17%
Billy 1
17%
Billy 7
17%
Day of the Locusts
17%
Hazel
17%
If Dogs Run Free
17%
I Shall Be Free No. 10
17%
Most of the Time
17%
To Be Alone with You
17%
Drifter's Escape
16%
Freight Train Blues
16%
Must Be Santa
16%
When He Returns
16%
Cold Irons Bound
15%
Down Along the Cove
15%
License to Kill
15%
On a Night Like This
15%
One More Night
15%
Shooting Star
15%
Spanish Is the Loving Tongue
15%
Tweedle Dee & Tweedle Dum
15%
Went to See the Gypsy
15%
Where Are You Tonight? (Journey Through Dark Heat)
15%
Wigwam
15%
Cantina Theme (Workin' for the Law)
14%
Dark Eyes
14%
Dirt Road Blues
14%
Father of Night
14%
Gonna Change My Way of Thinking
14%
I Am a Lonesome Hobo
14%
I Believe in You
14%
Lenny Bruce
14%
No Time to Think
14%
Tell Me That It Isn't True
14%
The Wicked Messenger
14%
This Wheel's on Fire
14%
Three Angels
14%
Tough Mama
14%
Tryin' to Get to Heaven
14%
Turkey Chase
14%
Union Sundown
14%
Where Are You?
14%
Winterlude
14%
Ain't Talkin'
13%
Blood in My Eyes
13%
Covenant Woman
13%
Death Is Not the End
13%
Emotionally Yours
13%
Here Comes Santa Claus
13%
Little Sadie
13%
Man of Peace
13%
Mr. Bojangles
13%
Roll On John
13%
Sign on the Window
13%
Solid Rock
13%
Spirit on the Water
13%
True Love Tends to Forget
13%
What Good Am I?
13%
Wiggle Wiggle
13%
Workingman's Blues #2
13%
You Ain't Going Nowhere
13%
Baby, Stop Crying
12%
Beyond Here Lies Nothin'
12%
Can't Wait
12%
Days of '49
12%
Dead Man, Dead Man
12%
Delia
12%
Final Theme
12%
Heart of Mine
12%
High Water (For Charley Patton)
12%
I'll Remember You
12%
In the Garden
12%
In the Summertime
12%
Jolene
12%
Lily of the West
12%
One More Weekend
12%
Po' Boy
12%
Pressing On
12%
Property of Jesus
12%
Something There is About You
12%
Take a Message to Mary
12%
Time Passes Slowly
12%
When the Deal Goes Down
12%
Blue Moon
11%
Bunkhouse Theme
11%
Can't Help Falling in Love
11%
Clean Cut Kid
11%
Copper Kettle (The Pale Moonlight)
11%
Do Right to Me Baby (Do Unto Others)
11%
Duquesne Whistle
11%
Early Mornin' Rain
11%
Early Roman Kings
11%
Floater (Too Much to Ask)
11%
Forgetful Heart
11%
Froggie Went a-Courtin'
11%
In Search of Little Sadie
11%
Let It Be Me
11%
Life Is Hard
11%
Million Dollar Bash
11%
My Wife's Home Town
11%
Nettie Moore
11%
Never Say Goodbye
11%
Ninety Miles an Hour (Down a Dead End Street)
11%
Pay in Blood
11%
River Theme
11%
Someday Baby
11%
Tears of Rage
11%
The Ballad of Ira Hayes
11%
They Killed Him
11%
Trouble
11%
Two Soldiers
11%
Ugliest Girl in the World
11%
We Better Talk This Over
11%
When the Night Comes Falling from the Sky
11%
You Angel You
11%
2 X 2
10%
Are You Ready?
10%
A Satisfied Mind
10%
Belle Isle
10%
Canadee-i-o
10%
Goin' to Acapulco
10%
If You Ever Go to Houston
10%
Let's Stick Together
10%
Maybe Someday
10%
Million Miles
10%
Minstrel Boy
10%
Odds and Ends
10%
Orange Juice Blues (Blues for Breakfast)
10%
Precious Memories
10%
Rank Strangers to Me
10%
Rollin' and Tumblin'
10%
Sarah Jane
10%
Seeing the Real You at Last
10%
Shenandoah
10%
Something's Burning, Baby
10%
The Levee's Gonna Break
10%
Trust Yourself
10%
Under Your Spell
10%
Watered Down Love
10%
What Can I Do For You?
10%
When You Gonna Wake Up
10%
10,000 Men
9%
A Fool Such as I
9%
Cat's in the Well
9%
Christmas Island
9%
Cry a While
9%
Disease of Conceit
9%
Driftin' Too Far From Shore
9%
Got My Mind Made Up
9%
Hard Times (Come Again No More)
9%
Have Yourself a Merry Little Christmas
9%
Honest with Me
9%
I Forgot More Than You'll Ever Know
9%
I'm a Fool to Want You
9%
It Hurts Me Too
9%
Jack-A-Roe
9%
Little Drummer Boy
9%
Lonesome Day Blues
9%
Never Gonna Be the Same Again
9%
O Little Town of Bethlehem
9%
Open the Door, Homer
9%
Please, Mrs. Henry
9%
Saving Grace
9%
Shake Shake Mama
9%
Sugar Baby
9%
Sumer Days
9%
Take Me As I Am (Or Let Me Go)
9%
That Lucky Old Sun
9%
The First Noel
9%
'Til I Fell in Love with You
9%
What Was It You Wanted
9%
Where Teardrops Fall
9%
You Wanna Ramble
9%
Autumn Leaves
8%
Beyond the Horizon
8%
Bye and Bye
8%
Crash on the Levee (Down in the Flood)
8%
Diamond Joe
8%
Do You Hear What I Hear?
8%
Full Moon and Empty Arms
8%
Gotta Travel On
8%
Had a Dream About You, Baby
8%
I Feel a Change Comin' On
8%
I'll Be Home for Christmas
8%
It's All Good
8%
Jim Jones
8%
Katie's Been Gone
8%
Living the Blues
8%
Long and Wasted Years
8%
Mary Ann
8%
Moonlight
8%
Narrow Way
8%
O' Come All Ye Faithful (Adeste Fideles)
8%
Sally Sue Brown
8%
Scarlet Town
8%
Silver Bells
8%
Sittin' on Top of the World
8%
Stack a Lee
8%
The Christmas Song
8%
The Night We Called It a Day
8%
This Dream of You
8%
Tin Angel
8%
Tiny Montgomery
8%
T.V. Talkin' Song
8%
Winter Wonderland
8%
Woogie Boogie
8%
Yazoo Street Scandal
8%
Ain't No More Cane
7%
Apple Suckling Tree
7%
Arthur McBride
7%
Bessie Smith
7%
Born in Time
7%
Broke Down Engine
7%
Clothesline Saga
7%
Frankie & Albert
7%
Hark the Herald Angels Sing
7%
Little Maggie
7%
Lo and Behold
7%
Lone Pilgrim
7%
Love Henry
7%
Nothing Was Delivered
7%
Ragged & Dirty
7%
Some Enchanted Evening
7%
Stay with Me
7%
The Christmas Blues
7%
Tomorrow Night
7%
Unbelievable
7%
When Did You Leave Heaven?
7%
Why Try to Change Me Now
7%
You're Gonna Quit Me
7%
Blackjack Davey
6%
Don't Ya Tell Henry
6%
God Knows
6%
Handy Dandy
6%
Long Distance Operator
6%
Soon After Midnight
6%
Step It Up and Go
6%
What'll I Do
6%
Yea Heavy and a Bottle of Bread
6%
Ruben Remus
5%
Too Much of Nothing
5%
No matching quizzes found
Score Distribution
Percent of People with Each Score
Percentile by Number Answered
Your Score History
You have not taken this quiz